000 00330nam a2200145Ia 4500
008 230718s9999 xx 000 0 und d
041 _aEng.
082 _a341.04
_bDAS-T
100 _aDashwood Alan
245 4 _aThe General Law
260 _aPakistan
_bSweet and Maxwell
_c2004
300 _a314
650 _aLaw
999 _c27728
_d27728